Physiologically based pharmacokinetic modeling : science and applications

Đã lưu trong:
書目詳細資料
格式: Sách
語言:Undetermined
出版:  Wiley-Interscience  2005
主題:
標簽: 添加標簽
沒有標簽, 成為第一個標記此記錄!
Thư viện lưu trữ: Trung tâm Thư viện - Trường Đại học Công nghiệp TP. Hồ Chí Minh
LEADER 00452nam a2200133Ia 4500
001 UIH_07527
008 231011s9999 xx 000 0 und d
082 |a  615.7 
245 0 |a  Physiologically based pharmacokinetic modeling : science and applications 
260 |b  Wiley-Interscience 
260 |c  2005 
650 |a  Dược phẩm;  
927 |a Sách 
980 |a Trung tâm Thư viện - Trường Đại học Công nghiệp TP. Hồ Chí Minh